| 000 | 00992nam a22002537a 4500 | ||
|---|---|---|---|
| 003 | BD-DhSAU | ||
| 005 | 20211003112810.0 | ||
| 008 | 210929b |||||||| |||| 00| 0 eng d | ||
| 040 | _aBD-DhSAU | ||
| 082 |
_222 _a338.1 _bSh158 |
||
| 100 |
_aShakib, Md. Nazmus _eRegistration No.:# 12-05137 |
||
| 245 |
_aProfitability and technical efficiency of onion cultivation in some selected areas of pabna district in bangladesh /
_bMs Thesis |
||
| 260 |
_aSher-e-bangla Agricultural University Dhaka 1207; _bDepartment of Agricultural Economics; _c2018; |
||
| 300 |
_aix; _b71p.; _c30cm.; |
||
| 500 | _aIncluding Index.; | ||
| 590 | _anazmul | ||
| 600 | _qProfitability and technical efficiency | ||
| 610 | _aonion cultivation | ||
| 650 | _apabna district in bangladesh | ||
| 700 |
_aDr. Fauzia Yesmin _eSupervisor |
||
| 710 |
_aDr. Md. Sadique Rahman _eCo-Supervisor |
||
| 856 |
_yOnline Access _uhttp://archive.saulibrary.edu.bd:8080/xmlui/handle/123456789/3424 |
||
| 942 |
_2ddc _cTHESIS |
||
| 999 |
_c15477 _d15476 |
||